Axes et Notions - Collège Lycée (Programme Anglais) - Statistiques

Statistiques générales
  • Ce quiz a été pris 3 fois
  • Le résultat moyen est 9 sur 23
Statistiques - réponses
Axes et notions % Correct
Identité et échanges
100%
Art et pouvoir
67%
Citoyenneté et mondes virtuels
67%
École et société
67%
Espace privé et espace public
67%
Langages
67%
Le passé dans le présent
67%
Rencontres avec d'autres cultures
67%
Voyages et migrations
67%
Diversité et inclusion
33%
Personne et vie quotidienne
33%
Fictions et réalités
33%
L'imaginaire
33%
Repères géographiques historiques et culturels
33%
Représentation de soi et rapport à autrui
33%
Sports et société
33%
Territoire et mémoire
33%
Vivre entre générations
33%
Innovations et responsabilités
0%
La création et le rapport aux arts
0%
Les univers professionnels, le monde du travail
0%
Le village le quartier la ville
0%
Sauver la planète, penser les futurs possibles
0%
Aucun quiz correspondant
Distribution des résultats
% des personnes avec chaque résultat
Percentile par nombre de réponses
Votre historique - résultats
Vous n’avez pas pris ce quiz